| 000 | 00771cab a2200301 4500 | ||
|---|---|---|---|
| 001 | ABS68617 | ||
| 008 | 050124n2005 000 0 eng u | ||
| 035 | _a(Sirsi) u128588 | ||
| 100 | _aWatson, S. | ||
| 245 | _aProperty nation: Hertfordshire, Essex and London boroughs north | ||
| 260 | _c2005 | ||
| 490 |
_aProperty Week _v70(2) 14 January 2005, 63-78(10) |
||
| 590 | _aABS | ||
| 650 | _aHERTFORDSHIRE | ||
| 650 | _aESSEX | ||
| 650 | _aHEMEL HEMPSTEAD | ||
| 650 | _aWATFORD | ||
| 650 | _aKINGS CROSS | ||
| 650 | _aKODAK | ||
| 650 | _aST ALBANS | ||
| 650 | _aPURFLEET | ||
| 650 | _aM25 | ||
| 650 | _aCAMDEN | ||
| 690 | _aPROPERTY-COMMERCIAL PROPERTY-COMMERCIAL PROPERTY MARKET | ||
| 700 | _aHipwell, D. | ||
| 700 | _aRoberts, G. | ||
| 942 | _n0 | ||
| 999 |
_c74743 _d74743 |
||